000 00538nam a2200169 i 4500
001 43380
003 ES-MaACL
005 20230906160759.0
007 t|
008 030317s1932 sp ||||1| spa d
100 1 _aCuadros Caldas, Julio.
_941909
245 1 0 _aCatecismo agrario
_b: recopilación completa de leyes, reglamentos ... e índice alfabético del léxico agrario /
_cpor Julio Cuadros Caldas.
250 _a6ª ed.
260 _aPuebla :
_bLa Enseñanza,
_c1932.
300 _a936 p. ;
_c20 cm.
852 _aES-MaACL
_jF-14044
999 _c43380
_d43380